[Event "II Aberto Prof Joao Braga"]
[Site "Clube de Xadrez Sao Paulo"]
[Date "2014.12.14"]
[Round "5.1"]
[White "Quintiliano Pinto, Renato R"]
[Black "Mendonca, Mateus Nakajo"]
[Result "0-1"]
[WhiteElo "2390"]
[BlackElo "2390"]
[PlyCount "126"]
[EventDate "2014.12.12"]

1. d4 Nf6 2. c4 g6 3. Nf3 Bg7 4. g3 O-O 5. Bg2 c6 6. O-O d5 7. Nbd2 Bf5 8. b3
Ne4 9. Bb2 Nd7 10. Nxe4 Bxe4 11. e3 Nc5 12. Ba3 Ne6 13. Bh3 Bxf3 14. Qxf3 Ng5
15. Qg4 Nxh3+ 16. Qxh3 Re8 17. cxd5 Qxd5 18. Qg2 e6 19. Rfd1 Red8 20. f4 Rd7
21. Rac1 Rad8 22. Qxd5 Rxd5 23. Rc2 e5 24. fxe5 Rxe5 25. Re1 Re6 26. Ree2 f5
27. Bc5 b6 28. Ba3 Rde8 29. Kf2 g5 30. Red2 Rh6 31. Kg2 Rxe3 32. Rf2 f4 33.
gxf4 gxf4 34. Rxf4 Reh3 35. Kg1 Rd3 36. Bb2 Rd6 37. Kf1 Rd1+ 38. Ke2 Rh1 39.
Kd3 Rd1+ 40. Ke2 Rg1 41. Kf2 Rb1 42. Ke2 Re6+ 43. Kf2 Rh6 44. Kg2 Rg6+ 45. Kf2
Bf8 46. d5 Bd6 47. Rh4 Rbg1 48. Kf3 Rf1+ 49. Ke4 Re1+ 50. Kf3 cxd5 51. Rh5 Rf1+
52. Ke2 Rf8 53. Kd3 Rf3+ 54. Kd4 Bc5+ 55. Kxd5 Rd6+ 56. Ke4 Rf7 57. Rg2+ Kf8
58. Be5 Rd1 59. Bc3 Rdf1 60. Bd2 Ke7 61. Rd5 R1f2 62. Rxf2 Rxf2 63. h4 Ke6 0-1

[Event "II Aberto Prof Joao Braga"]
[Site "Clube de Xadrez Sao Paulo"]
[Date "2014.12.14"]
[Round "5.2"]
[White "Tsuboi, Edson Kenji"]
[Black "Santos, Marcus Vinicius More"]
[Result "0-1"]
[WhiteElo "2252"]
[BlackElo "2331"]
[PlyCount "102"]
[EventDate "2014.12.12"]

1. e4 g6 2. d4 Bg7 3. Nf3 d6 4. Be2 Nf6 5. Nc3 O-O 6. O-O e6 7. Re1 Nc6 8. h3
a6 9. Be3 h6 10. Bf1 b6 11. Qd2 Kh7 12. Rad1 Ne7 13. Qd3 Bb7 14. Bc1 d5 15.
exd5 Nfxd5 16. Ne4 Nf5 17. c4 Nf6 18. Ned2 Qd6 19. g4 Ne7 20. Bg2 Kg8 21. Qe3
h5 22. Ne5 Bxg2 23. Kxg2 Rad8 24. Ndf3 Nc6 25. b3 hxg4 26. hxg4 Nd7 27. Nxc6
Qxc6 28. d5 exd5 29. cxd5 Qd6 30. Qf4 Rfe8 31. Qxd6 cxd6 32. Be3 Re4 33. Kh3
Rde8 34. Rg1 Nc5 35. Ng5 Rb4 36. Rge1 Bc3 37. Bxc5 Rxe1 38. Rxe1 bxc5 39. Re8+
Kg7 40. Nf3 c4 41. Rc8 cxb3 42. Rxc3 bxa2 43. Ra3 Rb3 44. Rxa2 Rxf3+ 45. Kg2
Rd3 46. Rxa6 Rxd5 47. Kf3 Kf6 48. Ke4 Re5+ 49. Kd4 Ke6 50. Ra8 Rb5 51. Re8+ Kd7
0-1

[Event "II Aberto Prof Joao Braga"]
[Site "Clube de Xadrez Sao Paulo"]
[Date "2014.12.14"]
[Round "5.3"]
[White "Pires, Marcos Vinicius Tors"]
[Black "Brito, Luismar"]
[Result "1/2-1/2"]
[WhiteElo "2282"]
[BlackElo "2251"]
[PlyCount "75"]
[EventDate "2014.12.12"]

1. Nf3 b6 2. g3 Bb7 3. Bg2 c5 4. c4 Nc6 5. O-O g6 6. e3 Bg7 7. d4 Nf6 8. d5 Na5
9. Qc2 O-O 10. e4 d6 11. Re1 Nd7 12. Nbd2 Ba6 13. Bf1 Rb8 14. a4 Bc8 15. Ra3
Ne5 16. Nxe5 dxe5 17. f4 f6 18. Nf3 Nb7 19. Bd2 Nd6 20. fxe5 fxe5 21. Bg2 Bd7
22. b3 Bg4 23. Qd3 Qd7 24. Bc3 Nf7 25. Bd2 Nd6 26. Ra2 a6 27. Bc3 Nf7 28. Rf1
Bxf3 29. Bxf3 Ng5 30. Qe2 Rxf3 31. Rxf3 Nxf3+ 32. Qxf3 Rf8 33. Qe2 a5 34. Ra1
Qh3 35. Rd1 Rd8 36. Rf1 Rf8 37. Rxf8+ Kxf8 38. Qf1+ 1/2-1/2

[Event "II Aberto Prof Joao Braga"]
[Site "Clube de Xadrez Sao Paulo"]
[Date "2014.12.14"]
[Round "5.4"]
[White "Matsuura, Everaldo"]
[Black "Desideri, Ricardo Maruchi"]
[Result "1-0"]
[WhiteElo "2506"]
[BlackElo "1954"]
[PlyCount "61"]
[EventDate "2014.12.12"]

1. e4 c5 2. Nf3 d6 3. d4 cxd4 4. Nxd4 Nf6 5. Nc3 a6 6. f3 e6 7. Be3 b5 8. Qd2
Bb7 9. g4 Nfd7 10. O-O-O Nf6 11. Bd3 Nbd7 12. Qf2 Rc8 13. Nce2 Qc7 14. Kb1 d5
15. exd5 Nxd5 16. Bc1 Bc5 17. Qh4 Qb6 18. a4 Ne5 19. Be4 Ne7 20. Bxb7 Qxb7 21.
Qg3 N5g6 22. h4 e5 23. h5 exd4 24. hxg6 Nxg6 25. Nxd4 Bxd4 26. Rxd4 O-O 27. Qh3
Rfd8 28. Qxh7+ Kf8 29. Re4 Ne7 30. Qh8+ Ng8 31. Rh7 1-0

[Event "II Aberto Prof Joao Braga"]
[Site "Clube de Xadrez Sao Paulo"]
[Date "2014.12.14"]
[Round "5.5"]
[White "Bastos Seixas, Pedro Lucas"]
[Black "D'israel, Davy"]
[Result "1-0"]
[WhiteElo "1965"]
[BlackElo "2206"]
[PlyCount "65"]
[EventDate "2014.12.12"]

1. e4 c5 2. Nf3 Nc6 3. Bb5 g6 4. O-O Bg7 5. Bxc6 bxc6 6. d3 Nf6 7. Bd2 O-O 8.
Bc3 d6 9. h3 e5 10. Nbd2 Nh5 11. Kh2 Nf4 12. Ng1 d5 13. Nb3 Qe7 14. Ne2 Ne6 15.
f4 c4 16. exd5 cxb3 17. dxe6 bxc2 18. exf7+ Rxf7 19. Qxc2 Ba6 20. Rf3 Rd8 21.
Raf1 Qc5 22. fxe5 Bxe5+ 23. Kh1 Bxd3 24. Qd2 Rfd7 25. Bb4 Qc4 26. Rf8+ Rxf8 27.
Rxf8+ Kg7 28. Rf2 Bf5 29. Qe1 Bxb2 30. Ng3 Bc2 31. Bf8+ Kg8 32. Qe8 Rd1+ 33.
Kh2 1-0

[Event "II Aberto Prof Joao Braga"]
[Site "Clube de Xadrez Sao Paulo"]
[Date "2014.12.14"]
[Round "5.6"]
[White "Rodrigues, Leonardo De Miranda"]
[Black "Brandao, Renan Alves"]
[Result "1/2-1/2"]
[WhiteElo "2173"]
[BlackElo "2067"]
[PlyCount "40"]
[EventDate "2014.12.12"]

1. e4 c5 2. Nf3 Nc6 3. d4 cxd4 4. Nxd4 e5 5. Nb5 d6 6. N1c3 a6 7. Na3 b5 8. Nd5
Nge7 9. c3 Nxd5 10. Qxd5 Bb7 11. Nc2 Be7 12. Ne3 Qd7 13. Qd3 Bg5 14. Nf5 Bxc1
15. Rxc1 O-O 16. Qxd6 Qc8 17. Be2 Rd8 18. Qxc6 Bxc6 19. Ne7+ Kf8 20. Nxc8 Bxe4
1/2-1/2

[Event "II Aberto Prof Joao Braga"]
[Site "Clube de Xadrez Sao Paulo"]
[Date "2014.12.14"]
[Round "5.7"]
[White "Oliveira, Jonathan De"]
[Black "Souza Neves, Andrey M"]
[Result "1-0"]
[WhiteElo "2105"]
[BlackElo "2147"]
[PlyCount "81"]
[EventDate "2014.12.12"]

1. c4 Nf6 2. Nf3 g6 3. b3 Bg7 4. Bb2 c5 5. g3 d6 6. Bg2 e5 7. O-O O-O 8. Nc3
Nc6 9. d3 Nh5 10. Qd2 f5 11. e3 g5 12. Nd5 f4 13. gxf4 gxf4 14. Kh1 Bg4 15. e4
Ne7 16. Nxe7+ Qxe7 17. b4 b6 18. a4 Rf6 19. a5 Raf8 20. axb6 axb6 21. Ra6 Rh6
22. Rxb6 Bxf3 23. Bxf3 Qh4 24. Bxh5 f3 25. Qxh6 Bxh6 26. Rg1+ Kh8 27. Bxe5+
dxe5 28. Rxh6 cxb4 29. Rg4 Ra8 30. Rg1 Qxf2 31. Rf6 Qh4 32. Rf5 f2 33. Rf1 b3
34. R1xf2 Ra1+ 35. Kg2 Ra2 36. Rf8+ Kg7 37. R8f7+ Kh6 38. Be2 b2 39. R2f6+ Kg5
40. Rb6 b1=Q 41. Rf5# 1-0

[Event "II Aberto Prof Joao Braga"]
[Site "Clube de Xadrez Sao Paulo"]
[Date "2014.12.14"]
[Round "5.8"]
[White "Vieira, Alexandre Letizio"]
[Black "Sztokbant, Bernardo Vainzoff"]
[Result "0-1"]
[WhiteElo "1818"]
[BlackElo "2297"]
[PlyCount "116"]
[EventDate "2014.12.12"]

1. e4 e5 2. Nf3 Nc6 3. Bb5 Nf6 4. d3 d6 5. O-O Be7 6. c3 O-O 7. h3 Bd7 8. Re1
a6 9. Ba4 b5 10. Bc2 Re8 11. Nbd2 Bf8 12. Nf1 Ne7 13. d4 Ng6 14. Ng3 h6 15. Be3
c5 16. Qd2 Rc8 17. d5 Ra8 18. a4 Qc7 19. a5 c4 20. Nh2 Be7 21. Nf5 Bxf5 22.
exf5 Nf8 23. g4 N6h7 24. Nf3 Qd8 25. Bb6 Ng5 26. Nxg5 Bxg5 27. Bxd8 Bxd2 28.
Red1 Bxc3 29. bxc3 Rexd8 30. h4 f6 31. f3 Rab8 32. Rab1 Nd7 33. Rb4 Nc5 34. Kf2
Rdc8 35. Ke3 Rc7 36. Rdb1 Rbc8 37. Rc1 Kf7 38. h5 Nd3 39. Bxd3 cxd3 40. Kxd3
Rc5 41. c4 Rxd5+ 42. cxd5 Rxc1 43. Rb2 Rc5 44. Ke4 Rc4+ 45. Ke3 Ke7 46. Rb3 Kd7
47. Ra3 Kc7 48. Rb3 b4 49. Ke2 Rc5 50. Rxb4 Rxa5 51. Rc4+ Rc5 52. Kd3 Kd7 53.
Ra4 Rxd5+ 54. Ke4 Rd4+ 55. Rxd4 exd4 56. Kxd4 Kc6 57. f4 a5 58. g5 d5 0-1

[Event "II Aberto Prof Joao Braga"]
[Site "Clube de Xadrez Sao Paulo"]
[Date "2014.12.14"]
[Round "5.9"]
[White "Ueti, Silvio Shigueo"]
[Black "Ribeiro, Marcos Willian De So"]
[Result "1/2-1/2"]
[WhiteElo "2147"]
[BlackElo "1945"]
[PlyCount "104"]
[EventDate "2014.12.12"]

1. c4 f5 2. g3 Nf6 3. Bg2 g6 4. Nc3 Bg7 5. d3 d6 6. e4 fxe4 7. dxe4 e5 8. Nge2
O-O 9. O-O Be6 10. Nd5 c6 11. Nxf6+ Bxf6 12. b3 Na6 13. Be3 Qd7 14. Qd2 Rfd8
15. Rad1 b6 16. f4 exf4 17. Nxf4 Bg4 18. Nxg6 Bg7 19. Nh4 Bxd1 20. Rxd1 Be5 21.
Nf5 Qe6 22. Bg5 Rd7 23. Bh3 Kh8 24. Bg4 Qe8 25. h4 Nc5 26. Qe2 Ne6 27. Bh6 Qg6
28. h5 Qf6 29. Kg2 Rg8 30. Rf1 Rf7 31. Rf2 Nd4 32. Nxd4 Qxf2+ 33. Qxf2 Rxf2+
34. Kxf2 Bxd4+ 35. Kf3 Be5 36. Be3 c5 37. Bf2 Kg7 38. Bf5 h6 39. g4 a6 40. a4
Rb8 41. Be3 b5 42. axb5 axb5 43. cxb5 Rxb5 44. Be6 Bf6 45. Bf4 Rb6 46. Bd2 Ra6
47. Bf4 Be5 48. Be3 Ra8 49. Ke2 Rf8 50. Bf5 Rh8 51. Kd3 Kf6 52. Kc4 Bg3 1/2-1/2

[Event "II Aberto Prof Joao Braga"]
[Site "Clube de Xadrez Sao Paulo"]
[Date "2014.12.14"]
[Round "5.10"]
[White "Andreeva, Elena"]
[Black "De Moura, Sergio Jovelino"]
[Result "0-1"]
[WhiteElo "1935"]
[BlackElo "2121"]
[PlyCount "68"]
[EventDate "2014.12.12"]

1. e4 c5 2. Nf3 d6 3. d4 cxd4 4. Nxd4 Nf6 5. Nc3 a6 6. f4 e6 7. Qf3 Qc7 8. Be3
Nbd7 9. g4 Nb6 10. O-O-O Nfd7 11. Kb1 Be7 12. g5 Nc5 13. f5 e5 14. Nb3 Nca4 15.
Nxa4 Nxa4 16. f6 gxf6 17. gxf6 Bf8 18. Rg1 Be6 19. Bh3 Rc8 20. Rg2 Rg8 21. Bxe6
Rxg2 22. Bxf7+ Kxf7 23. Qxg2 Nxb2 24. Rg1 Na4 25. Qg8+ Ke8 26. Qe6+ Kd8 27. Rg2
Qd7 28. Qxd7+ Kxd7 29. Bd2 Ke6 30. Rf2 b6 31. Kc1 Rc4 32. Be3 Rxe4 33. Kd2 d5
34. Bxb6 Nxb6 0-1

[Event "II Aberto Prof Joao Braga"]
[Site "Clube de Xadrez Sao Paulo"]
[Date "2014.12.14"]
[Round "5.11"]
[White "Noseda, Francesco"]
[Black "Pritsopoulos, Constantino"]
[Result "1/2-1/2"]
[WhiteElo "1968"]
[BlackElo "1870"]
[PlyCount "64"]
[EventDate "2014.12.12"]

1. e4 e6 2. d4 d5 3. Nc3 dxe4 4. Nxe4 Bd7 5. Nf3 Bc6 6. Bd3 Nd7 7. O-O Be7 8.
Re1 Ngf6 9. Ng3 O-O 10. c4 Bxf3 11. Qxf3 c6 12. Bd2 Nb6 13. Bc3 Na4 14. Bc2
Nxc3 15. Qxc3 Qb6 16. a3 Rfd8 17. Rad1 Rd7 18. Rd2 Rad8 19. Red1 Qc7 20. Qf3 b5
21. cxb5 cxb5 22. Bb3 g6 23. Ne4 Nxe4 24. Qxe4 Bf6 25. g3 Kg7 26. h4 Qb7 27. d5
a5 28. Ba2 b4 29. axb4 Qxb4 30. Qxb4 axb4 31. Bc4 exd5 32. Bxd5 Bxb2 1/2-1/2

[Event "II Aberto Prof Joao Braga"]
[Site "Clube de Xadrez Sao Paulo"]
[Date "2014.12.14"]
[Round "5.12"]
[White "Nunes, Allan Hurba"]
[Black "Farah, Daniel Landshoff"]
[Result "1/2-1/2"]
[WhiteElo "1968"]
[BlackElo "1858"]
[PlyCount "84"]
[EventDate "2014.12.12"]

1. d4 d5 2. c4 c6 3. Nf3 Nf6 4. e3 e6 5. Nbd2 Nbd7 6. Bd3 Bd6 7. O-O O-O 8. e4
dxe4 9. Nxe4 Nxe4 10. Bxe4 h6 11. Re1 Nf6 12. Bc2 c5 13. b3 cxd4 14. Qxd4 Bb4
15. Rd1 Qxd4 16. Nxd4 a6 17. Bb2 Rd8 18. Nf3 Rxd1+ 19. Rxd1 Be7 20. Ne5 Kf8 21.
Bc3 Ke8 22. b4 g6 23. Ba4+ Kf8 24. f3 Rb8 25. Bb3 Ke8 26. c5 Nd5 27. Bxd5 exd5
28. Rxd5 Be6 29. Rd2 Rd8 30. Rxd8+ Kxd8 31. a3 Kc7 32. Bd4 Bf6 33. Kf2 h5 34.
Ke3 Bxe5 35. Bxe5+ Kc6 36. Kf4 Kd5 37. Bd6 Bf5 38. g4 hxg4 39. fxg4 Bc2 40. Kg5
f5 41. a4 fxg4 42. Bc7 Bxa4 1/2-1/2

[Event "II Aberto Prof Joao Braga"]
[Site "Clube de Xadrez Sao Paulo"]
[Date "2014.12.14"]
[Round "5.14"]
[White "Araujo, Renan Aparecido"]
[Black "Yoshioka, Andre"]
[Result "1-0"]
[WhiteElo "1966"]
[BlackElo "1685"]
[PlyCount "93"]
[EventDate "2014.12.12"]

1. d4 Nf6 2. Bg5 Ne4 3. Bh4 c5 4. f3 g5 5. fxe4 gxh4 6. e3 Qb6 7. Nc3 Bg7 8.
Nd5 Qd8 9. Qg4 Rg8 10. Nf3 e6 11. Nc3 d6 12. Bb5+ Bd7 13. Bxd7+ Nxd7 14. O-O-O
cxd4 15. Nxd4 Ne5 16. Qh3 a6 17. Nxe6 fxe6 18. Qxe6+ Qe7 19. Qxg8+ Qf8 20. Qe6+
Qe7 21. Qxd6 Qxd6 22. Rxd6 Nc4 23. Rd3 b5 24. b3 Ne5 25. Rd5 Ng4 26. Rg5 Bxc3
27. Rg8+ Kf7 28. Rxa8 Nxe3 29. g3 h3 30. Ra7+ Kg6 31. Rxa6+ Kg5 32. Rc6 Bb4 33.
c3 Be7 34. Kd2 Ng4 35. Ke2 h6 36. Rf1 Nxh2 37. Rh1 Ng4 38. Rxh3 h5 39. a4 bxa4
40. bxa4 Ne5 41. Re6 Bf6 42. Rxf6 Kxf6 43. Rxh5 Nc4 44. a5 Ke7 45. a6 Nb6 46.
a7 Kd7 47. Rh8 1-0

[Event "II Aberto Prof Joao Braga"]
[Site "Clube de Xadrez Sao Paulo"]
[Date "2014.12.14"]
[Round "5.16"]
[White "Valente, Rodrigo De Deus"]
[Black "Van Riemsdijk, Marius"]
[Result "1-0"]
[WhiteElo "2043"]
[BlackElo "1798"]
[PlyCount "43"]
[EventDate "2014.12.12"]

1. d4 Nf6 2. c4 c5 3. d5 b5 4. cxb5 a6 5. bxa6 Bxa6 6. Nc3 g6 7. e4 Bxf1 8.
Kxf1 d6 9. Nf3 Nbd7 10. g3 Bg7 11. Kg2 Ng4 12. Nd2 Nge5 13. Qe2 Nf6 14. f4 Ned7
15. e5 dxe5 16. fxe5 Nh5 17. Nc4 f5 18. g4 fxg4 19. Rf1 Nb6 20. Nd6+ Kd7 21.
Qb5+ Kc7 22. Qc6+ 1-0

[Event "II Aberto Prof Joao Braga"]
[Site "Clube de Xadrez Sao Paulo"]
[Date "2014.12.14"]
[Round "5.17"]
[White "Hoshino, Karen"]
[Black "Capelo, Martinho Figueira"]
[Result "1/2-1/2"]
[WhiteElo "1712"]
[BlackElo "1902"]
[PlyCount "119"]
[EventDate "2014.12.12"]

1. d4 d5 2. c4 Nc6 3. Nf3 Bg4 4. cxd5 Bxf3 5. dxc6 Bxc6 6. Nc3 Nf6 7. f3 e5 8.
dxe5 Nd7 9. Bf4 g5 10. Bg3 Qe7 11. Qc2 O-O-O 12. O-O-O Bg7 13. e6 Qxe6 14. Kb1
Ne5 15. Rxd8+ Rxd8 16. e4 Nc4 17. Bxc4 Qxc4 18. Rc1 Bxc3 19. Qxc3 Qxc3 20. Rxc3
Rd2 21. Rc5 Rxg2 22. Rxg5 Rg1+ 23. Kc2 Rf1 24. Rg8+ Kd7 25. Bh4 Rxf3 26. Rd8+
Ke6 27. Rc8 Bxe4+ 28. Kc1 Kd7 29. Rd8+ Kc6 30. Kd2 f5 31. Rf8 Rd3+ 32. Ke2 Rd7
33. Bg3 Kd5 34. Ke3 Kc4 35. Rc8 c5 36. Be1 Rd3+ 37. Ke2 f4 38. Re8 Bg6 39. Rb8
Re3+ 40. Kf2 Be4 41. b3+ Kb5 42. Rf8 Rh3 43. Rxf4 Rxh2+ 44. Ke3 Bc6 45. Bf2
Rh3+ 46. Ke2 Rc3 47. a4+ Kb6 48. b4 Rc2+ 49. Ke1 Rxf2 50. bxc5+ Kxc5 51. Kxf2
Kb6 52. Rh4 Ka5 53. Ke3 Bxa4 54. Kd2 Bc6 55. Kc1 b5 56. Rxh7 Kb6 57. Kb2 a5 58.
Rh5 Be4 59. Re5 Bc6 60. Rxb5+ 1/2-1/2

[Event "II Aberto Prof Joao Braga"]
[Site "Clube de Xadrez Sao Paulo"]
[Date "2014.12.14"]
[Round "5.18"]
[White "Aoyama, Edmundo"]
[Black "De Oliveira, Francemir Barra"]
[Result "0-1"]
[WhiteElo "1861"]
[BlackElo "1751"]
[PlyCount "114"]
[EventDate "2014.12.12"]

1. Nf3 Nf6 2. g3 b6 3. Bg2 Bb7 4. O-O e6 5. b3 g6 6. Bb2 Bg7 7. c4 d5 8. d3 O-O
9. Nbd2 a6 10. Qc2 c6 11. Rac1 Nbd7 12. b4 Rc8 13. Rfd1 Re8 14. d4 Qc7 15. Qb3
Qb8 16. a4 Rc7 17. Rc2 Rec8 18. Qd3 Qa8 19. Ba3 Ne8 20. a5 b5 21. c5 Nef6 22.
Bc1 Re8 23. Nf1 Nh5 24. Bf4 Nxf4 25. gxf4 Qd8 26. Ng3 Bc8 27. e3 f6 28. h4 e5
29. dxe5 fxe5 30. fxe5 Nxe5 31. Nxe5 Rxe5 32. f4 Re8 33. h5 Bg4 34. Rdd2 Qh4
35. e4 dxe4 36. Bxe4 Rd7 37. Qb3+ Be6 38. Qf3 Bd4+ 39. Rxd4 Rxd4 40. hxg6 hxg6
41. Rh2 Qd8 42. Rh6 Rd1+ 43. Kg2 Rd2+ 44. Ne2 Bf7 45. Kg3 Kg7 46. Rh2 Rd7 47.
Qc3+ Qf6 48. Rh7+ Kxh7 49. Qxf6 Rxe4 50. Qxc6 Rd3+ 51. Kg4 Rxe2 52. Qh1+ Kg7
53. Qa1+ Kg8 54. Qh1 Ree3 55. Kg5 Rg3+ 56. Kf6 Rde3 57. Qa8+ Re8 0-1

[Event "II Aberto Prof Joao Braga"]
[Site "Clube de Xadrez Sao Paulo"]
[Date "2014.12.14"]
[Round "5.19"]
[White "Costa, Edvaldo Da Cruz"]
[Black "Costa, Giovanni"]
[Result "1/2-1/2"]
[WhiteElo "1652"]
[BlackElo "1855"]
[PlyCount "91"]
[EventDate "2014.12.12"]

1. d4 d5 2. c4 Bf5 3. Qb3 e5 4. cxd5 exd4 5. Qxb7 Nd7 6. Nf3 Rb8 7. Qxa7 Bb4+
8. Bd2 Bxd2+ 9. Nbxd2 d3 10. e4 Bg6 11. Bxd3 Rxb2 12. Qd4 Qf6 13. Qxf6 Ngxf6
14. O-O Nxd5 15. Nc4 Rb8 16. Nfe5 Nxe5 17. Nxe5 Nf4 18. Nxg6 hxg6 19. Bc4 O-O
20. a4 Rb4 21. Bd5 Nxd5 22. exd5 Rd4 23. Rfd1 Rxd1+ 24. Rxd1 Ra8 25. Rd4 Kf8
26. f4 Ke7 27. Kf2 Kd6 28. Kf3 Ra5 29. g4 Rc5 30. h4 Rc3+ 31. Ke4 Rh3 32. Rc4
Rxh4 33. Rc6+ Kd7 34. g5 Rh1 35. a5 Ra1 36. a6 Ra4+ 37. Ke5 Ra5 38. Kd4 Ra4+
39. Ke5 Ra5 40. Kd4 Ra4+ 41. Kc5 Rxf4 42. Kb5 Rf1 43. a7 Rb1+ 44. Ka6 Ra1+ 45.
Kb7 Rb1+ 46. Ka6 1/2-1/2

[Event "II Aberto Prof Joao Braga"]
[Site "Clube de Xadrez Sao Paulo"]
[Date "2014.12.14"]
[Round "5.20"]
[White "Dias, Joao Batista"]
[Black "Nunes, Adilson"]
[Result "1-0"]
[WhiteElo "1838"]
[BlackElo "1713"]
[PlyCount "107"]
[EventDate "2014.12.12"]

1. e4 c5 2. Nf3 d6 3. b3 Nf6 4. Nc3 e6 5. Bb2 Be7 6. e5 dxe5 7. Nxe5 O-O 8. Bd3
Nbd7 9. Nc4 b5 10. Nxb5 Nb6 11. Qf3 Nbd5 12. Be5 Ba6 13. Nc3 Nb4 14. Ne4 Nxd3+
15. cxd3 Bxc4 16. dxc4 Nxe4 17. Qxe4 Bg5 18. Bc3 Rc8 19. Rd1 Bf6 20. O-O Bxc3
21. dxc3 Qa5 22. Qc2 g6 23. Rd3 Rfd8 24. Rfd1 Rxd3 25. Rxd3 Rd8 26. Rxd8+ Qxd8
27. g3 a5 28. Qe2 h5 29. h4 Qa8 30. Qe3 Qc6 31. f3 Qd6 32. Kf2 Kg7 33. f4 f6
34. Ke2 Qc6 35. Qf3 Qc7 36. Qe4 Kf7 37. Ke3 Qa7 38. Qc6 a4 39. bxa4 Qa5 40.
Qd7+ Kf8 41. Kd3 e5 42. fxe5 fxe5 43. Qd6+ Kf7 44. Qxe5 Qxa4 45. Qd5+ Kg7 46.
Qe5+ Kh7 47. Qe7+ Kh6 48. Qxc5 Qd1+ 49. Ke4 Qg4+ 50. Kd5 Qf3+ 51. Ke6 Qe4+ 52.
Kf7 Qb7+ 53. Qe7 Qf3+ 54. Kg8 1-0

[Event "II Aberto Prof Joao Braga"]
[Site "Clube de Xadrez Sao Paulo"]
[Date "2014.12.14"]
[Round "5.21"]
[White "Serafim Junior, Arnor"]
[Black "Da Silva, Camila Evaristo"]
[Result "1-0"]
[WhiteElo "1832"]
[BlackElo "1657"]
[PlyCount "91"]
[EventDate "2014.12.12"]

1. Nf3 Nf6 2. g3 e6 3. Bg2 Be7 4. c4 O-O 5. O-O d5 6. b3 c5 7. e3 Nc6 8. Bb2 d4
9. d3 e5 10. exd4 exd4 11. Re1 Bg4 12. h3 Bh5 13. Nbd2 Rc8 14. g4 Bg6 15. Nf1
b6 16. Nh4 Bd6 17. Bc1 Re8 18. Nxg6 hxg6 19. Bg5 Qd7 20. Qd2 Rxe1 21. Rxe1 Re8
22. Bh4 Rxe1 23. Qxe1 Ne5 24. Qe2 Ne8 25. Bg3 Nc6 26. Qe4 Nd8 27. f4 Qe7 28.
Nd2 Nf6 29. Qxe7 Bxe7 30. Kf2 Bd6 31. Ne4 Bb8 32. Nxf6+ gxf6 33. f5 Bxg3+ 34.
Kxg3 Kf8 35. Be4 g5 36. h4 gxh4+ 37. Kxh4 Ke7 38. Kh5 Kd6 39. Kh6 Kd7 40. Kg7
Ke7 41. Bd5 Ne6+ 42. fxe6 fxe6 43. Be4 a6 44. a4 a5 45. Bg6 e5 46. Bf5 1-0

[Event "II Aberto Prof Joao Braga"]
[Site "Clube de Xadrez Sao Paulo"]
[Date "2014.12.14"]
[Round "5.22"]
[White "Chagas, Humberto Luiz Cunha"]
[Black "Farias, Sergio Luiz Cardoso"]
[Result "1-0"]
[WhiteElo "1815"]
[BlackElo "1574"]
[PlyCount "101"]
[EventDate "2014.12.12"]

1. d4 d5 2. c4 Nf6 3. cxd5 Nxd5 4. e4 Nf6 5. Nc3 e5 6. d5 c6 7. Bg5 Be7 8. dxc6
Qxd1+ 9. Rxd1 Nxc6 10. Bb5 h6 11. Bxf6 Bxf6 12. Nd5 O-O 13. Nf3 Bg4 14. Bxc6
bxc6 15. Nxf6+ gxf6 16. O-O Bxf3 17. gxf3 Rfd8 18. Rfe1 Rd4 19. Rxd4 exd4 20.
Rc1 Rc8 21. Rc4 d3 22. Kf1 Kf8 23. Ke1 Ke7 24. Kd2 Kd6 25. Ra4 Rc7 26. Kxd3 c5
27. f4 h5 28. h4 Ke7 29. Kc4 Kd6 30. Ra6+ Ke7 31. e5 fxe5 32. fxe5 Rb7 33. Kxc5
Rxb2 34. Rxa7+ Ke6 35. f4 Rf2 36. Ra6+ Ke7 37. Ra4 Ke6 38. a3 Rc2+ 39. Rc4 Rh2
40. a4 Kf5 41. a5 Ra2 42. Kb5 Rb2+ 43. Rb4 Ra2 44. a6 Kg4 45. Ra4 Rb2+ 46. Kc6
Rc2+ 47. Kd7 Rd2+ 48. Ke7 Rc2 49. a7 Rc7+ 50. Kd6 Rxa7 51. Rxa7 1-0

[Event "II Aberto Prof Joao Braga"]
[Site "Clube de Xadrez Sao Paulo"]
[Date "2014.12.14"]
[Round "5.23"]
[White "Federzoni, Enzo"]
[Black "Mendes, Rodrigo Machado"]
[Result "0-1"]
[WhiteElo "1614"]
[BlackElo "1896"]
[PlyCount "92"]
[EventDate "2014.12.12"]

1. e4 e6 2. d4 d5 3. exd5 exd5 4. c4 Nf6 5. Nc3 Be7 6. cxd5 Nxd5 7. Bc4 Nb6 8.
Bb3 O-O 9. Nge2 g6 10. O-O Bf6 11. Re1 Nc6 12. Be3 Na5 13. Qc2 Nxb3 14. Qxb3
Be6 15. Qc2 Bf5 16. Qb3 a5 17. a4 Re8 18. Rad1 Re7 19. Ng3 Bg4 20. f3 Bd7 21.
Nge4 Re8 22. Nxf6+ Qxf6 23. Qc2 Bf5 24. Qb3 Qd6 25. Rc1 Rac8 26. Nb5 Qd7 27.
Bd2 c6 28. Na7 Qxd4+ 29. Be3 Rxe3 30. Qxe3 Qxe3+ 31. Rxe3 Rc7 32. Nb5 Rd7 33.
Nc3 Nc4 34. Re8+ Kg7 35. b3 Nd2 36. Rce1 Be6 37. Ne4 Nxb3 38. Rb1 Bc4 39. Kf2
Rd5 40. Rb8 b5 41. axb5 cxb5 42. Nc3 Rd2+ 43. Kg3 b4 44. Ne4 Rd4 45. Rc8 Be6
46. Ng5 Bxc8 0-1

[Event "II Aberto Prof Joao Braga"]
[Site "Clube de Xadrez Sao Paulo"]
[Date "2014.12.14"]
[Round "5.24"]
[White "Nikolic, Jovane"]
[Black "Sangiovanni, Marcello Gouveia"]
[Result "1-0"]
[WhiteElo "1773"]
[BlackElo "1494"]
[PlyCount "107"]
[EventDate "2014.12.12"]

1. e4 e5 2. Nf3 Nf6 3. Nc3 Nc6 4. Bc4 Nxe4 5. Nxe4 d5 6. Bd3 dxe4 7. Bxe4 Bd6
8. O-O Bd7 9. Re1 f6 10. d4 Qe7 11. dxe5 Bxe5 12. Nxe5 fxe5 13. Qh5+ Qf7 14.
Qxf7+ Kxf7 15. Bxc6 Bxc6 16. Rxe5 Rhe8 17. Rxe8 Rxe8 18. Be3 a6 19. Rd1 Re5 20.
h3 Rd5 21. Rc1 b5 22. c4 Rd7 23. Bf4 bxc4 24. Rxc4 Bd5 25. Rd4 c6 26. b3 Re7
27. Be3 Re4 28. Rd3 Kg6 29. Rc3 Rb4 30. g3 h5 31. h4 Kf5 32. Kf1 a5 33. Bc5 Rb8
34. Ke1 g5 35. hxg5 Kxg5 36. Kd2 Kf5 37. Kc2 Be4+ 38. Kb2 a4 39. b4 Bd5 40. Ka3
Kg5 41. Re3 h4 42. gxh4+ Kxh4 43. Rg3 Re8 44. Be3 Kh5 45. Rg5+ Kh4 46. Rxd5
cxd5 47. Kxa4 Rd8 48. Bd4 Rc8 49. Bc5 Kg4 50. Kb3 Kf4 51. a4 Ke4 52. Kc2 d4 53.
a5 Rf8 54. Bxf8 1-0

[Event "II Aberto Prof Joao Braga"]
[Site "Clube de Xadrez Sao Paulo"]
[Date "2014.12.14"]
[Round "5.25"]
[White "Caporale, Giuseppe Guido"]
[Black "Christen, Peter Walter"]
[Result "1-0"]
[WhiteElo "1718"]
[BlackElo "1548"]
[PlyCount "41"]
[EventDate "2014.12.12"]

1. d4 d6 2. Nf3 f6 3. c4 d5 4. Nc3 e6 5. e4 Bb4 6. exd5 exd5 7. Qa4+ Nc6 8. Bd2
Nge7 9. cxd5 Nxd5 10. Be2 Bxc3 11. bxc3 O-O 12. O-O Re8 13. Bc4 a6 14. Rfe1 Be6
15. Qc2 Qd7 16. Bd3 g6 17. Nh4 Nde7 18. Re3 Nf5 19. Bxf5 Bxf5 20. Nxf5 Qxf5 21.
Qb3+ 1-0

[Event "II Aberto Prof Joao Braga"]
[Site "Clube de Xadrez Sao Paulo"]
[Date "2014.12.14"]
[Round "5.27"]
[White "Silvestre, Gilmar Severino"]
[Black "Nunes, Marcela Andreia Dias"]
[Result "1-0"]
[WhiteElo "1636"]
[BlackElo "1483"]
[PlyCount "63"]
[EventDate "2014.12.12"]

1. d4 Nf6 2. c4 g6 3. Nc3 Bg7 4. e4 d6 5. Be3 O-O 6. Be2 Na6 7. Qd2 c5 8. d5
Ng4 9. Bxg4 Bxg4 10. h3 Bd7 11. Nge2 Nc7 12. a4 Na6 13. Nb5 Nb4 14. f4 f5 15.
e5 dxe5 16. fxe5 Bxe5 17. Bxc5 Na6 18. Bd4 Bxd4 19. Nexd4 Nc5 20. Qe3 Ne4 21.
O-O Qb6 22. b4 Bxb5 23. axb5 Rfd8 24. c5 Qf6 25. Ne6 Rd7 26. c6 bxc6 27. bxc6
Rxd5 28. Nc7 Qxc6 29. Nxa8 Qxa8 30. Qxa7 Qe8 31. Rfd1 Qb5 32. Qa8+ 1-0

[Event "II Aberto Prof Joao Braga"]
[Site "Clube de Xadrez Sao Paulo"]
[Date "2014.12.14"]
[Round "5.28"]
[White "Schultz, Rauanda"]
[Black "Nunes, Guilherme Hurba"]
[Result "1-0"]
[WhiteElo "1492"]
[BlackElo "1817"]
[PlyCount "49"]
[EventDate "2014.12.12"]

1. d4 d5 2. c4 e6 3. Nc3 Nf6 4. Nf3 b6 5. Bg5 Be7 6. e3 Bb7 7. Be2 O-O 8. O-O
Ne4 9. Bxe7 Qxe7 10. cxd5 exd5 11. Rc1 Rd8 12. Ne5 f6 13. Nd3 c5 14. Nf4 g5 15.
Nh5 f5 16. Nxe4 dxe4 17. Qb3+ Kf8 18. dxc5 bxc5 19. Qc3 Bd5 20. Qxc5 Rd6 21.
Qc8+ Kf7 22. Qxf5+ Kg8 23. Rc8+ Rd8 24. Rxd8+ Qxd8 25. Qxd5+ 1-0